An Introduction to Pharmaceutical Science: production, chemistry, techniques and technology (Record no. 6133)

MARC details
000 -LEADER
fixed length control field 00559nam a22001937a 4500
003 - CONTROL NUMBER IDENTIFIER
control field OSt
005 - DATE AND TIME OF LATEST TRANSACTION
control field 20180924192705.0
008 - FIXED-LENGTH DATA ELEMENTS--GENERAL INFORMATION
fixed length control field 180924b xxu||||| |||| 00| 0 eng d
020 ## - INTERNATIONAL STANDARD BOOK NUMBER
International Standard Book Number 9781907568527
040 ## - CATALOGING SOURCE
Transcribing agency DNLM
082 ## - DEWEY DECIMAL CLASSIFICATION NUMBER
Classification number QV744 R812p 2011
100 ## - MAIN ENTRY--PERSONAL NAME
Personal name Roy, Jiben
9 (RLIN) 12677
245 ## - TITLE STATEMENT
Title An Introduction to Pharmaceutical Science: production, chemistry, techniques and technology
260 ## - PUBLICATION, DISTRIBUTION, ETC. (IMPRINT)
Place of publication, distribution, etc. Oxford; Biohealthcare, 2011
300 ## - PHYSICAL DESCRIPTION
Extent xlii,404p; ill: 24cm
504 ## - BIBLIOGRAPHY, ETC. NOTE
Bibliography, etc Index included
650 ## - SUBJECT ADDED ENTRY--TOPICAL TERM
Topical term or geographic name as entry element Pharmaceutical science
9 (RLIN) 9273
942 ## - ADDED ENTRY ELEMENTS (KOHA)
Source of classification or shelving scheme Other/Generic Classification Scheme
Koha item type Short Loan
Holdings
Withdrawn status Lost status Source of classification or shelving scheme Damaged status Not for loan Home library Current library Date acquired Source of acquisition Inventory number Total Checkouts Full call number Barcode Date last seen Koha item type
    Other/Generic Classification Scheme     MUST Main Library MUST Main Library 17/09/2019 Purchase 19/40726   QV744 R812p 2011 2019-0437 17/09/2019 Open Shelf
    Other/Generic Classification Scheme     MUST Main Library MUST Main Library 17/09/2019 Purchase 19/40727   QV744 R812p 2011 2019-0438 17/09/2019 Open Shelf
    Other/Generic Classification Scheme     MUST Main Library MUST Main Library 17/09/2019 Purchase 19/40728   QV744 R812p 2011 2019-0439 17/09/2019 Open Shelf
    Other/Generic Classification Scheme     Pharmacy Department Library Pharmacy Department Library 24/09/2018   17/40137   QV744 R812p 2011 2018-0318 24/09/2018 Short Loan
    Other/Generic Classification Scheme     Pharmacy Department Library Pharmacy Department Library 24/09/2018   17/40136   QV744 R812p 2011 2018-0319 24/09/2018 Short Loan
    Other/Generic Classification Scheme     Pharmacy Department Library Pharmacy Department Library 24/09/2018   17/40379   QV744 R812p 2011 2018-0320 24/09/2018 Short Loan